| 000 | 00825nam a2200265 i 4500 | ||
|---|---|---|---|
| 001 | C2-0218218 | ||
| 003 | PPAK | ||
| 005 | 20180728110711.0 | ||
| 008 | 990722s1995 my a|||| ||||| | may d | ||
| 020 | _a9839905112 | ||
| 040 |
_aPPAK _beng _cPPAK _erda |
||
| 082 | 0 | 4 |
_a796.09595 _2 23 |
| 090 | 0 | 0 |
_a796.09595 _bJAB _dKK |
| 090 | 0 | 0 |
_a796.09595 _bJAB _dR |
| 100 | 0 |
_aJabar Johari, _cDr. _eauthor |
|
| 245 | 1 | 0 | _aJaguh MAKSAK |
| 264 | 1 |
_a[Kuala Lumpur] : _bMajlis Kebajikan dan Sukan Anggota-Anggota Kerajaan Malaysia (MAKSAK) , _c1995 |
|
| 300 |
_axiv, 164 pages : _bcolour illustrations ; _c29 cm |
||
| 336 |
_2rdacontent _atext |
||
| 337 |
_2rdamedia _aunmediated |
||
| 338 |
_2rdacarrier _avolume |
||
| 650 | 1 | 0 | _aSports - Malaysia - History. ; Sports - Malaysia - Biography. |
| 700 | _eauthor | ||
| 942 |
_ddc _cB |
||
| 999 |
_c161217 _d161217 |
||